000 00430nam a22001697a 4500
005 20251108172557.0
008 250721s9999 xx 000 0 eng d
082 1 4 _a004.678RAY
100 1 _aRay, John
245 1 0 _aSams Teach Yourself Dreamweaver Ultradev 4 in 21 Days /
264 1 _aIndianapolis :
_bSAMS,
300 _a767p+CD
650 1 7 _aInternet
650 1 7 _aWeb Applications
942 _2ddc
_cBK
999 _c83002
_d83002